| 000 | 01695cam a2200373Ii 4500 | ||
|---|---|---|---|
| 999 |
_c10399 _d10399 |
||
| 001 | 57466907 | ||
| 003 | OCoLC | ||
| 005 | 20241126110731.0 | ||
| 008 | 050121s2004 mau bd 001 0 eng d | ||
| 020 |
_a1565639359 _q(alk. paper) |
||
| 020 |
_a9781565639355 _q(alk. paper) |
||
| 035 | _a(OCoLC)57466907 | ||
| 040 |
_aD9B _beng _erda _cD9B _dOCLCQ _dEXN _dBAKER _dFIN |
||
| 050 | 4 |
_aBR1640 _b.D53 2004 |
|
| 055 | 4 |
_aBR1640 _b.D53 2004 |
|
| 082 | 0 | 4 |
_a269.20922 _222 _bDIC |
| 082 | 0 | 4 |
_a270.803 _bDIC |
| 090 |
_aBR1640 _b.D53 2004 |
||
| 092 |
_a270.803 _bD554 |
||
| 245 | 0 | 0 |
_aDictionary of evangelical biography : _b1730-1860 / _cedited by Donald M. Lewis. |
| 264 | 1 |
_aPeabody, Mass. : _bHendrickson Publishers, _c2004. |
|
| 300 |
_a2 volumes ; _c26 cm |
||
| 336 |
_atext _btxt _2rdacontent |
||
| 337 |
_aunmediated _bn _2rdamedia |
||
| 338 |
_avolume _bnc _2rdacarrier |
||
| 504 | _aIncludes bibliographical references and index. | ||
| 505 | 0 | _aV. 1. A-J -- v. 2. K-Z. | |
| 520 | _aThis is a reprint of the original edition published in 1995 as The Blackwell Dictionary of Evangelical Biography, 1730-1860. Annotation : 2004 Book News, Inc., Portland, OR (booknews.com). | ||
| 650 | 0 |
_aEvangelicalism _0https://id.loc.gov/authorities/subjects/sh85045933 _vDictionaries. _0https://id.loc.gov/authorities/subjects/sh99001671 _93621 |
|
| 650 | 0 |
_aChristian biography _0https://id.loc.gov/authorities/subjects/sh85025025 _vDictionaries. _0https://id.loc.gov/authorities/subjects/sh99001671 _91351 |
|
| 655 | 7 |
_aDictionaries. _2lcgft _0https://id.loc.gov/authorities/genreForms/gf2014026086 _93629 |
|
| 700 | 1 |
_aLewis, Donald M. _0https://id.loc.gov/authorities/names/n86080341 _9990 |
|
| 942 |
_2ddc _cREF |
||